TOP 10 Countries That Travel - Statistics

General Stats
  • This quiz has been taken 518 times
  • The average score is 7 of 10
Answer Stats
Outbound trips Domestic Trips Total Answer % Correct
0.2 6.5 6.7 United States
97%
1.0 3.2 4.3 Canada
89%
0.4 3.1 3.8 France
88%
0.4 3.4 4.1 Australia
79%
0.2 3.1 3.5 Spain
77%
1.5 4.4 6.0 Sweden
63%
2.0 3.2 5.2 Norway
62%
1.7 5.8 7.5 Finland
56%
1.4 3.9 5.3 Denmark
54%
0.5 3.8 4.3 New Zealand
47%
No matching quizzes found
Score Distribution
Percent of People with Each Score
Percentile by Number Answered
Your Score History
You have not taken this quiz